00518nam a2200181 a 4500001001300000003000900013005001700022008004100039020002300080082001700103245006400120260005000184300000900234500003500243505001000278650001800288710003000306nice12345678IN_TiNIC20260116012819.0050524s1985 sina grp 000 0 eng  a9971948 c10000a270.82bCCA4 aOut of Controlb Official Report of the Asia Youth Assembly aSingaporebChristian Conference of Asiac1985 a207p aincludes index and biblioraphy2 aIndex aEcumenicalism2 aChristian Council of Asia